000 00765nam a2200205Ia 4500
003 GCL
008 140319s9999 xx 000 0 ara d
020 _a3173614977
040 _aGCL /
_cGCL
082 0 4 _aق
_b962.064
_bا ع
100 1 _aانيس منصور
245 1 0 _aعبدالناصر المفترى عليه والمفترى علينا ! /
_cانيس منصور
250 _aالرابعة
260 _aالقاهرة :
_bنهضة مصر للطباعة والنشر والتوزيع ،
_c2005
300 _a328 ص ؛
_c24 سم
650 0 4 _aمصر - تاريخ - العصر الحديث - جمال عبدالناصر ( 1954-1970 )
650 0 4 _aجمال عبدالناصر
650 0 4 _aمصر - الاحوال السياسية
942 _2ddc
_cBK
999 _c8694
_d8694